Cat Breeds (FIFe) - Statistics

General Stats
  • This quiz has been taken 604 times
    210 since last reset
  • The average score is 12 of 48
Answer Stats
Breed % Correct
Siamese
81%
Maine Coon
72%
Thai
69%
British Longhair
60%
British Shorthair
60%
Persian
58%
Ragdoll
57%
Sphynx
53%
Russian Blue
51%
Bengal
47%
Burmese
38%
Abyssinian
33%
Devon Rex
32%
Manx
31%
Norwegian Forest Cat
31%
Cornish Rex
28%
Sacred Birman
24%
Siberian
23%
American Curl Longhair
22%
American Curl Shorthair
22%
Japanese Bobtail
22%
Egyptian Mau
21%
Turkish Angora
21%
Exotic
20%
Ocicat
20%
Turkish Van
19%
Korat
15%
Oriental Shorthair
15%
Somali
15%
Balinese
14%
LaPerm Longhair
12%
LaPerm Shorthair
12%
Singapura
12%
Chartreux
11%
European
10%
Selkirk Rex Longhair
10%
Selkirk Rex Shorthair
10%
Burmilla
9%
Snowshoe
8%
Oriental Longhair
5%
Peterbald
5%
Cymric
3%
German Rex
3%
Neva Masquerade
3%
Sokoke
3%
Don Sphynx
2%
Kurilian Bobtail Longhair
2%
Kurilian Bobtail Shorthair
2%
No matching quizzes found
Score Distribution
Percent of People with Each Score
Percentile by Number Answered
Your Score History
You have not taken this quiz since the last reset